000 00900nam a2200277Ia 4500
003 OSt
005 20241008113924.0
008 210716s2012 xx 000 0 und d
020 _a9781259025822
040 _cAIMIT LIBRARY
041 _aeng
082 _a005.73
_bLEER
100 _aLee, R C.
_9181774
245 _aIntroduction to the design and analysis of algorithms:
_bstrategic approach /
_cBy R C T Lee...[et.al.].
250 _a1st ed.
260 _aNew Delhi:
_bTata McGraw Hill Education Private Limited ,
_c2012.
300 _axxiv,723p.;
_bPB
_c25 cm.
650 _aDivine and conquer strategy
_9181775
650 _aTheory of np completeness
_9181776
650 _aApproximation algorithms
_9181777
650 _aAmortized analysis
_9181778
700 _aTseng, S S.
_9181779
700 _aChang, R C.
_9181780
700 _aTsai, Y T.
_9181781
942 _2ddc
_cBK
_k005.73 LEER
999 _c194059
_d194059